| 000 | 00425cam a2200169ua 4500 | ||
|---|---|---|---|
| 041 |
_aeng _h |
||
| 082 |
_a823.301 _bWYA/ST |
||
| 100 | _aWyatt, H G . | ||
| 245 |
_aStories of Shakespeare`s plays / _cH G Wyatt. _hTextual Documents |
||
| 250 |
_a2 / _b. |
||
| 260 |
_aLondon : _bOxford University Press , _c1965. |
||
| 300 | _a76 ; . | ||
| 504 | _a | ||
| 700 | 1 | _aFullerton, David . | |
| 942 | _cBK | ||
| 999 |
_c2402 _d2402 |
||